=LDR 00000nam 2200000 4500 =001 INLIS000000000009708 =005 20130612101506 =008 ***********************************Ind** =035 ##$$0010-061300000009708 =041 ##$$a Ind =082 ##$$a 634.902 =090 ##$$a 634.902, Pam h =100 ##$$a Pamulardi, Bambang =245 ##$$a Hukum Kehutanan dan Pembangunan Bidang Kehutanan; Bambang Pamulardi =260 ##$$a 1995 $b Jakarta =300 ##$$a 425 hlm, 21 cm =650 ##$$a Hukum dan Kehutanan - UU dan Peraturan =850 ##$$a NBPNMAT